| 000 | 00727 a2200205 4500 | ||
|---|---|---|---|
| 999 |
_c9855 _d9855 |
||
| 020 | _a9 | ||
| 020 | _a9781138807181 | ||
| 020 | _a9781138807181 | ||
| 050 | 0 | 0 | _aJV51LOO1998 |
| 100 | 1 | _aLoomba, Ania. | |
| 245 | 1 | 0 |
_aColonialism/postcolonialism / _cAnia Loomba. |
| 250 | _aThird edition. | ||
| 264 | 1 |
_aLondon ; _aNew York, NY : _bRoutledge, Taylor & Francis Group, _c1998 |
|
| 300 | _a304 pages ; | ||
| 500 | _aincludes index | ||
| 504 | _aIncludes bibliographical references (pages 266-284) and index. | ||
| 650 | 0 | _aPostcolonialism. | |
| 942 |
_2lcc _cBK _h51 _iLOO _kJV |
||